[Event "Czech Open A 2013"]
[Site "Pardubice CZE"]
[Date "2013.07.19"]
[Round "1.1"]
[White "Sarkozy,L"]
[Black "Laznicka,V"]
[Result "0-1"]
[WhiteElo "2319"]
[BlackElo "2684"]
[EventDate "2013.07.19"]

1. e4 c6 2. d4 d5 3. Nc3 dxe4 4. Nxe4 Bf5 5. Ng3 Bg6 6. Nf3 Nd7 7. Bd3 e6 8.
Bxg6 hxg6 9. Qe2 Ngf6 10. Bd2 Be7 11. c4 Qc7 12. Bc3 a5 13. O-O O-O 14. Rfe1
Rfe8 15. Rad1 a4 16. Ne5 Rad8 17. Ne4 Nxe4 18. Qxe4 Nxe5 19. dxe5 b5 20. a3 Qb6
21. cxb5 Qxb5 22. Bb4 c5 23. Bc3 c4 24. Qc2 Rd3 25. Rxd3 cxd3 26. Qd2 Rd8 27.
Rd1 Qb3 28. g3 Rd5 29. Kg2 Bg5 30. f4 Be7 31. h4 Bc5 32. Rc1 Qc4 33. Kf3 Rd7 34.
Rd1 Qd5+ 35. Kg4 f5+ 36. exf6 gxf6 37. Re1 Rh7 38. Kh3 Kf7 39. Qd1 Rh5 40. Rf1
Qe4 41. b4 axb3 42. Qxb3 Bf2 0-1

[Event "Czech Open A 2013"]
[Site "Pardubice CZE"]
[Date "2013.07.19"]
[Round "1.2"]
[White "Nisipeanu,LD"]
[Black "Spalir,J"]
[Result "1-0"]
[WhiteElo "2670"]
[BlackElo "2312"]
[EventDate "2013.07.19"]

1. d4 d5 2. c4 c6 3. e3 Nf6 4. Nf3 Bf5 5. Nc3 e6 6. Nh4 Bg4 7. Qb3 Qb6 8. h3 Bh5
9. Bd2 Be7 10. g4 Bg6 11. Nxg6 hxg6 12. Bg2 Na6 13. O-O O-O 14. Qd1 dxc4 15. Qe2
Nd5 16. Rab1 Bb4 17. Qxc4 Qa5 18. a3 Bxc3 19. bxc3 Rab8 20. Qa2 Qc7 21. c4 Nf6
22. Bc3 c5 23. Qa1 Qe7 24. d5 exd5 25. cxd5 b5 26. Rfd1 Rfd8 27. e4 b4 28. axb4
Nxb4 29. d6 Qd7 30. e5 Nh7 31. Rbc1 Rdc8 32. Qa5 Rb5 33. Qa4 Nf8 34. Bf1 Rbb8
35. Qxd7 Nxd7 36. Bc4 Re8 37. Ra1 Nc6 38. f4 g5 39. Bd5 Nd8 40. Rxa7 Nb6 41. f5
Nxd5 42. Rxd5 Nc6 43. Rc7 Nb4 44. Rd2 1-0

[Event "Czech Open A 2013"]
[Site "Pardubice CZE"]
[Date "2013.07.19"]
[Round "1.3"]
[White "Kireev,Al"]
[Black "Kononenko,Dmitry1"]
[Result "1/2-1/2"]
[WhiteElo "2310"]
[BlackElo "2610"]
[EventDate "2013.07.19"]

1. d4 Nf6 2. Bg5 e6 3. Nd2 h6 4. Bh4 c5 5. c3 cxd4 6. cxd4 Qb6 7. Qc2 Nc6 8.
Bxf6 gxf6 9. e3 d5 10. Ngf3 e5 11. a3 exd4 12. Nxd4 Nxd4 13. exd4 Qxd4 14. Bb5+
Kd8 15. O-O Be6 16. Nf3 Qb6 17. Bd3 Rc8 18. Qd2 Bd6 19. Rac1 Kd7 20. b4 h5 21.
Nd4 Rxc1 22. Rxc1 Rc8 23. Rxc8 Kxc8 24. Nxe6 fxe6 25. Qe2 Kd7 26. Qxh5 a5 27.
Qf7+ Be7 28. h4 axb4 29. axb4 Qxb4 30. h5 f5 31. h6 Qe1+ 32. Bf1 Qa1 33. h7 Kd6
34. Qe8 Bf6 35. Qb8+ Kc6 36. Qc8+ Kd6 37. Qxb7 Qb2 38. Qxb2 1/2-1/2

[Event "Czech Open A 2013"]
[Site "Pardubice CZE"]
[Date "2013.07.19"]
[Round "1.4"]
[White "Schlosser,P"]
[Black "Kholopov,A"]
[Result "1-0"]
[WhiteElo "2602"]
[BlackElo "2310"]
[EventDate "2013.07.19"]

1. Nf3 f5 2. g3 Nf6 3. Bg2 g6 4. O-O Bg7 5. d4 O-O 6. c4 d6 7. Nc3 Qe8 8. Re1
Qf7 9. e4 fxe4 10. Nxe4 Qxc4 11. Nxf6+ Bxf6 12. Bh6 Rd8 13. Rc1 Qxa2 14. Rxc7
Nc6 15. d5 Ne5 16. Nxe5 dxe5 17. Qd2 Qb3 18. Bg5 Qb6 19. Rxe7 Bxe7 20. Bxe7 Re8
21. Rxe5 Bd7 22. d6 Rf8 23. Bxf8 Rxf8 24. Re7 1-0

[Event "Czech Open A 2013"]
[Site "Pardubice CZE"]
[Date "2013.07.19"]
[Round "1.5"]
[White "Kazakov,K"]
[Black "Nabaty,T"]
[Result "1/2-1/2"]
[WhiteElo "2307"]
[BlackElo "2586"]
[EventDate "2013.07.19"]

1. e4 c6 2. d4 d5 3. e5 c5 4. dxc5 e6 5. Nf3 Bxc5 6. Bd3 Ne7 7. O-O Nbc6 8. Bf4
Ng6 9. Bg3 O-O 10. Nbd2 Nce7 11. c4 Nf5 12. cxd5 Nxg3 13. hxg3 exd5 14. Qc2 Bb6
15. Rad1 Be6 16. Nb3 Rc8 17. Qb1 Qe7 18. Nbd4 Bxd4 19. Nxd4 Nxe5 20. Bxh7+ Kh8
21. Bf5 Qf6 22. b3 Nc6 23. Bxe6 fxe6 24. Ne2 Rcd8 25. Nf4 Ne7 26. Nd3 e5 27. Qb2
Nc6 28. Rfe1 Rfe8 29. Qe2 g6 30. b4 Re7 31. a3 Rf8 32. Qb2 a6 33. f3 Kg7 34. Nf2
Qg5 35. Ng4 d4 36. a4 e4 37. b5 axb5 38. axb5 exf3 39. Rxe7+ Nxe7 40. Rxd4 Qc5
41. Nf2 Qe5 42. Rd2 Qxb2 43. Rxb2 fxg2 44. Kxg2 Nd5 45. Rb3 Re8 46. Kf3 Kf6 47.
Rd3 Ke5 48. Ng4+ Ke6 49. Ne3 Rf8+ 50. Ke2 Nxe3 51. Kxe3 Rf5 52. Rb3 Kd5 53. Rd3+
Kc5 54. Rd7 b6 55. Ke4 Rg5 56. Kf4 Rf5+ 57. Ke4 Kxb5 58. Rd6 Rg5 59. Kf4 Kc5 60.
Re6 Rf5+ 61. Ke4 Rg5 62. Kf4 Rd5 63. Rxg6 b5 64. Rg8 b4 65. Rb8 Kc4 66. g4 b3
67. g5 Rb5 68. Rxb5 Kxb5 1/2-1/2

[Event "Czech Open A 2013"]
[Site "Pardubice CZE"]
[Date "2013.07.19"]
[Round "1.6"]
[White "Vorobiov,E"]
[Black "Tomazini,A"]
[Result "1-0"]
[WhiteElo "2585"]
[BlackElo "2306"]
[EventDate "2013.07.19"]

1. d4 Nf6 2. c4 g6 3. Nc3 d5 4. cxd5 Nxd5 5. e4 Nxc3 6. bxc3 Bg7 7. Qa4+ Nd7 8.
Nf3 O-O 9. Bg5 h6 10. Be3 e5 11. Rd1 Qe7 12. Bd3 f5 13. Qc2 f4 14. Bc1 Kh8 15.
Bb2 g5 16. h3 Bf6 17. a4 Re8 18. a5 c5 19. d5 Rb8 20. Bb5 Qd8 21. Ra1 a6 22.
Bxd7 Bxd7 23. c4 Kg7 24. Kd2 h5 25. Ne1 g4 26. hxg4 hxg4 27. Nd3 Qe7 28. Rh5 Qd6
29. Rah1 Rh8 30. Nxe5 Rxh5 31. Rxh5 Re8 32. Nxd7 Qxd7 33. e5 1-0

[Event "Czech Open A 2013"]
[Site "Pardubice CZE"]
[Date "2013.07.19"]
[Round "1.7"]
[White "Battey,A"]
[Black "Babula,V"]
[Result "1-0"]
[WhiteElo "2304"]
[BlackElo "2583"]
[EventDate "2013.07.19"]

1. d4 Nf6 2. c4 e6 3. Nf3 Bb4+ 4. Bd2 a5 5. g3 d6 6. Bg2 Nbd7 7. O-O e5 8. Be3
exd4 9. Bxd4 a4 10. b3 axb3 11. axb3 Rxa1 12. Bxa1 O-O 13. Nc3 Qe7 14. Qc2 c6
15. Nd4 Ne5 16. Nf5 Bxf5 17. Qxf5 Re8 18. e3 h5 19. h3 g6 20. Qc2 Ba5 21. Rd1
Bb6 22. Qb2 Qe6 23. f4 Bxe3+ 24. Kh1 Nf3 25. Bxf3 Qxh3+ 26. Qh2 Qf5 27. Qh4 Ba7
28. Nd5 Nxd5 29. cxd5 Kh7 30. dxc6 bxc6 31. Bg2 Re3 32. Qd8 1-0

[Event "Czech Open A 2013"]
[Site "Pardubice CZE"]
[Date "2013.07.19"]
[Round "1.8"]
[White "Michalik,P"]
[Black "Kutynec,V"]
[Result "1-0"]
[WhiteElo "2579"]
[BlackElo "2300"]
[EventDate "2013.07.19"]

1. d4 d5 2. c4 Bf5 3. cxd5 Bxb1 4. Qa4+ c6 5. dxc6 Nxc6 6. Rxb1 e5 7. Bd2 Qxd4
8. Qxd4 exd4 9. g3 Bb4 10. Bg2 Bxd2+ 11. Kxd2 O-O-O 12. Nh3 Nf6 13. Rbc1 Kc7 14.
Ng5 Rhf8 15. Rc4 h6 16. Ne4 Nxe4+ 17. Bxe4 Rfe8 18. Kd3 Kb6 19. Bxc6 bxc6 20.
Re1 Re5 21. Rxd4 Rxd4+ 22. Kxd4 Rd5+ 23. Kc3 Rc5+ 24. Kd3 Rd5+ 25. Kc2 Rc5+ 26.
Kb1 Rd5 27. h4 g5 28. hxg5 hxg5 29. Kc2 Rc5+ 30. Kd3 Rd5+ 31. Ke4 f5+ 32. Kf3
Rd2 33. Rb1 Kc5 34. Ke3 Rc2 35. Kd3 Rc4 36. Rh1 Rd4+ 37. Kc3 Rc4+ 38. Kd2 Rd4+
39. Ke1 Ra4 40. a3 Rc4 41. Rh5 Rc1+ 42. Kd2 Rb1 43. Kc2 Re1 44. Kd3 Rd1+ 45. Ke3
Rb1 46. Rxg5 Rxb2 47. Rxf5+ Kd6 48. Ra5 c5 49. Rxa7 Rb3+ 50. Ke4 1-0

[Event "Czech Open A 2013"]
[Site "Pardubice CZE"]
[Date "2013.07.19"]
[Round "1.9"]
[White "Nadjezhdin,D"]
[Black "Stocek,J"]
[Result "1/2-1/2"]
[WhiteElo "2300"]
[BlackElo "2576"]
[EventDate "2013.07.19"]

1. Nf3 d6 2. d4 Nf6 3. g3 c6 4. Bg2 Bf5 5. O-O h6 6. c4 e6 7. Nc3 Nbd7 8. d5
cxd5 9. cxd5 e5 10. Re1 Be7 11. e4 Bh7 12. Nh4 O-O 13. Bh3 Re8 14. Nf5 Bf8 15.
Be3 Rc8 16. f3 a6 17. Qd2 h5 18. Kh1 Rc7 19. Rg1 Qb8 20. g4 hxg4 21. Bxg4 Nxg4
22. fxg4 b5 23. a4 Nf6 24. axb5 axb5 25. Qd3 Rb7 26. Ra6 b4 27. Ne2 b3 28. Bg5
Nd7 29. Rc6 Nc5 30. Qf3 Na4 31. Nc3 Nxc3 32. Qxc3 Rb4 33. Re1 Qb5 34. Kg2 f6 35.
Bh4 Ra4 36. Bf2 Rb8 37. h4 Bg6 38. h5 Be8 39. Rc7 Qa5 40. Re3 Qxc3 41. Rcxc3 Ra2
42. Rxb3 1/2-1/2

[Event "Czech Open A 2013"]
[Site "Pardubice CZE"]
[Date "2013.07.19"]
[Round "1.10"]
[White "Lalith,B"]
[Black "Musaev,Ra"]
[Result "1-0"]
[WhiteElo "2571"]
[BlackElo "2300"]
[EventDate "2013.07.19"]

1. d4 Nf6 2. c4 g6 3. Nc3 Bg7 4. e4 d6 5. h3 O-O 6. Be3 e5 7. d5 c6 8. dxc6 bxc6
9. Qd2 Qa5 10. Nf3 Na6 11. Be2 Bb7 12. O-O Rad8 13. Rab1 Qc7 14. Rfc1 c5 15. Nd5
Qd7 16. Bd3 Nb4 17. a3 Nxd3 18. Qxd3 Nxd5 19. cxd5 Qa4 20. b4 Ba6 21. b5 Bc8 22.
Nd2 Bd7 23. Qb3 Qxb3 24. Rxb3 Rfe8 25. Nc4 Bf8 26. Rcb1 Rb8 27. a4 a6 28. bxa6
Rxb3 29. Rxb3 Bxa4 30. Rb7 Bc2 31. a7 Bxe4 32. Rb8 1-0

[Event "Czech Open A 2013"]
[Site "Pardubice CZE"]
[Date "2013.07.19"]
[Round "1.11"]
[White "Shemeakin,A"]
[Black "Oleksienko,M"]
[Result "0-1"]
[WhiteElo "2299"]
[BlackElo "2568"]
[EventDate "2013.07.19"]

1. d4 Nf6 2. c4 e6 3. Nc3 c5 4. d5 exd5 5. cxd5 d6 6. e4 g6 7. Nge2 Bg7 8. Ng3
O-O 9. Be2 Nbd7 10. O-O a6 11. a4 Rb8 12. h3 Re8 13. Bf4 Qc7 14. Qd2 h5 15. Bh6
Bh8 16. Qc2 c4 17. Rfc1 Nc5 18. Bxc4 h4 19. Nf1 Nfxe4 20. Nxe4 Nxe4 21. Qb3 Qd8
22. Be3 Qf6 23. Rab1 Nc5 24. Bxc5 dxc5 25. Ne3 b5 26. axb5 axb5 27. Be2 Qd6 28.
Bf3 Bd4 29. Re1 Qf4 30. Nf1 Bf5 31. Rxe8+ Rxe8 32. Rd1 b4 33. Qa4 Kf8 34. Qb5
Bxh3 35. gxh3 Qxf3 36. Rxd4 cxd4 37. Qxb4+ Kg8 38. Qxd4 Re1 39. Qc4 Qxh3 40. b4
Qf3 41. Qxh4 Qd3 0-1

[Event "Czech Open A 2013"]
[Site "Pardubice CZE"]
[Date "2013.07.19"]
[Round "1.12"]
[White "Piorun,K"]
[Black "Ageichenko,G"]
[Result "1/2-1/2"]
[WhiteElo "2566"]
[BlackElo "2298"]
[EventDate "2013.07.19"]

1. c4 c6 2. Nc3 d5 3. e3 Nf6 4. Nf3 e6 5. b3 Nbd7 6. Bb2 Bd6 7. Qc2 Qe7 8. Be2
b6 9. cxd5 exd5 10. Nd4 Bb7 11. Nf5 Qf8 12. e4 g6 13. Nxd6+ Qxd6 14. exd5 O-O
15. O-O cxd5 16. Nb5 Qe7 17. Rae1 Rfc8 18. Qd1 Nc5 19. Bg4 Ne6 20. Nd4 Nxg4 21.
Qxg4 Qg5 22. Qxg5 Nxg5 23. Re7 Ba6 24. Rfe1 Ne4 25. f3 Nc5 26. Bc3 Kf8 27. Nc2
Bd3 28. Nb4 Be4 29. Bf6 Nd3 30. Nxd3 Bxd3 31. Rd7 Bf5 32. Rxd5 Rc2 33. a4 Be6
34. Rd3 Bf5 35. Rd4 Rc6 36. Be7+ Kg7 37. g4 Re6 38. Rxe6 Bxe6 39. b4 f6 40. Rf4
f5 41. g5 Rc8 42. Rd4 Kf7 43. Bf6 Rc4 44. Rd8 Rc8 45. Rd6 Rc4 46. d4 f4 47. d5
Bh3 48. Kf2 Rxb4 49. Rd8 Rxa4 50. Rh8 Ra2+ 51. Ke1 Bf5 52. Rxh7+ Kg8 53. Rh8+
Kf7 54. Rh7+ Kg8 55. Rg7+ Kf8 56. d6 Ra5 57. Rb7 Rd5 58. Rxa7 b5 59. h4 Ke8 60.
Re7+ Kf8 61. Rb7 Ke8 62. Re7+ Kf8 63. Bg7+ Kg8 64. Be5 b4 65. Bxf4 Rd3 66. Ke2
b3 67. Rb7 Kf8 68. Be5 Ke8 69. Re7+ Kd8 70. h5 gxh5 71. Rf7 Bg6 72. Bf6+ Kc8 73.
Rc7+ Kb8 74. Rg7 Bf5 75. g6 Rxd6 76. Be5 b2 77. Bxd6+ Ka8 78. Rg8+ Ka7 79. Rb8
b1=Q 80. Rxb1 Bxb1 81. g7 Ba2 82. Ke3 Kb7 83. Kf4 Kc6 84. Bb8 Kd7 85. Kg5 h4 86.
Kg6 Bg8 87. Kf6 h3 88. Bh2 Ke8 89. Kg6 Ke7 90. f4 Ke6 91. Bg3 Kd7 92. Kf6 Kd6
93. f5+ Kd7 94. Bh2 Bc4 95. Kg5 Ke7 96. Kg6 Bf7+ 1/2-1/2

[Event "Czech Open A 2013"]
[Site "Pardubice CZE"]
[Date "2013.07.19"]
[Round "1.13"]
[White "Vlasak,Lu"]
[Black "Bernasek,J"]
[Result "1/2-1/2"]
[WhiteElo "2296"]
[BlackElo "2551"]
[EventDate "2013.07.19"]

1. e4 c5 2. Nf3 d6 3. d4 cxd4 4. Nxd4 Nf6 5. Nc3 a6 6. Be2 e5 7. Nb3 Be7 8. Bg5
Be6 9. Bxf6 Bxf6 10. O-O O-O 11. Qd3 Be7 12. Rad1 Nd7 13. Nd5 Bxd5 14. Qxd5 Qc7
15. c3 b5 16. Na1 Nb6 17. Qb3 Kh8 18. Nc2 f5 19. exf5 Rxf5 20. Ne3 Rf4 21. Nd5
Nxd5 22. Qxd5 Raf8 23. Rd3 b4 24. cxb4 Rxb4 25. Rb3 Rxb3 26. Qxb3 a5 27. Bf3 Rb8
28. Qf7 Rf8 29. Qd5 g6 30. b3 Kg7 31. g3 Bd8 32. Kg2 Qc3 33. Rd1 Bb6 34. Rd3 Qc5
35. Qxc5 Bxc5 36. Rd2 Rb8 37. Rc2 Rb4 38. Rc4 Rxc4 1/2-1/2

[Event "Czech Open A 2013"]
[Site "Pardubice CZE"]
[Date "2013.07.19"]
[Round "1.14"]
[White "Geller,J"]
[Black "Novotny,M1"]
[Result "1-0"]
[WhiteElo "2549"]
[BlackElo "2293"]
[EventDate "2013.07.19"]

1. e4 e6 2. d4 d5 3. Nc3 Bb4 4. e5 c5 5. Qg4 Ne7 6. dxc5 Bxc3+ 7. bxc3 Nf5 8.
Bd3 h5 9. Qh3 Qc7 10. Nf3 Qxc5 11. O-O Nc6 12. Rb1 a6 13. Rb3 Na5 14. Ba3 Qc7
15. Rbb1 Nc4 16. Bxc4 Qxc4 17. Nd4 Nxd4 18. cxd4 Qxd4 19. Qg3 Qg4 20. Qe3 f6 21.
Qc5 Kf7 22. Qe7+ Kg6 23. Rb3 h4 24. exf6 gxf6 25. h3 Qe4 26. Rf3 f5 27. Re3 Qd4
28. Rb1 Qf4 29. Rb6 1-0

[Event "Czech Open A 2013"]
[Site "Pardubice CZE"]
[Date "2013.07.19"]
[Round "1.15"]
[White "Jasny,S"]
[Black "Gonda,L"]
[Result "0-1"]
[WhiteElo "2290"]
[BlackElo "2538"]
[EventDate "2013.07.19"]

1. e4 e5 2. Nf3 Nc6 3. Bb5 a6 4. Ba4 Nge7 5. Nc3 d6 6. d4 b5 7. Bb3 Nxd4 8. Nxd4
exd4 9. Qh5 Ng6 10. Bd5 Ra7 11. Ne2 c5 12. O-O Ne5 13. Bg5 Be7 14. f4 Bg4 15.
Bxf7+ Kd7 16. Qh4 Bxg5 17. fxg5 Bxe2 18. Rf5 Kc8 19. Be6+ Kb8 20. Re1 Re7 0-1

[Event "Czech Open A 2013"]
[Site "Pardubice CZE"]
[Date "2013.07.19"]
[Round "1.17"]
[White "Adamek,J"]
[Black "Jaracz,P"]
[Result "1/2-1/2"]
[WhiteElo "2290"]
[BlackElo "2531"]
[EventDate "2013.07.19"]

1. d4 Nf6 2. c4 e6 3. g3 d5 4. Bg2 dxc4 5. Qa4+ c6 6. Qxc4 b5 7. Qc2 Bb7 8. Nf3
Nbd7 9. O-O c5 10. dxc5 Bxc5 11. e3 O-O 12. b3 Qb6 13. Bb2 Rac8 14. Qe2 a5 15.
Rc1 Ba6 16. Bf1 Ra8 17. Nbd2 Rfc8 18. Nd4 Nd5 19. Ne4 b4 20. Qg4 N7f6 21. Nxf6+
Nxf6 22. Qd1 Bb7 23. Bg2 Bxg2 1/2-1/2

[Event "Czech Open A 2013"]
[Site "Pardubice CZE"]
[Date "2013.07.19"]
[Round "1.18"]
[White "Lintchevski,D"]
[Black "Villegas,P"]
[Result "1/2-1/2"]
[WhiteElo "2529"]
[BlackElo "2288"]
[EventDate "2013.07.19"]

1. Nf3 d5 2. d4 Nf6 3. c4 e6 4. g3 Be7 5. Bg2 O-O 6. O-O dxc4 7. Ne5 Nc6 8. Bxc6
bxc6 9. Nxc6 Qe8 10. Nxe7+ Qxe7 11. Qc2 c5 12. Qxc4 cxd4 13. Qxd4 e5 14. Qh4 Rb8
15. b3 Rd8 16. Bg5 Rd4 17. Bxf6 gxf6 18. e4 Be6 19. Nc3 Kg7 20. Rac1 Rd3 21.
Rfd1 Rxd1+ 22. Rxd1 Qb4 23. Nd5 Bxd5 24. Rxd5 h5 25. Qxh5 Qe1+ 26. Kg2 Qxe4+ 27.
Qf3 Qg6 28. Ra5 Rd8 29. Rxa7 Rd3 30. Qe2 e4 31. Rc7 e3 32. fxe3 Qe4+ 33. Kf2
Qf5+ 34. Kg1 Qd5 35. Qg4+ Kh6 36. Qf4+ Kg7 37. Qg4+ Kh6 38. Rc1 Rd2 39. e4 Qd4+
40. Kh1 Rxa2 41. Qh4+ 1/2-1/2

[Event "Czech Open A 2013"]
[Site "Pardubice CZE"]
[Date "2013.07.19"]
[Round "1.19"]
[White "Cerveny,P"]
[Black "Cvek,R"]
[Result "1/2-1/2"]
[WhiteElo "2285"]
[BlackElo "2527"]
[EventDate "2013.07.19"]

1. e4 c5 2. Nf3 e6 3. c3 Nf6 4. e5 Nd5 5. d4 cxd4 6. cxd4 d6 7. a3 Bd7 8. Bd3
Bc6 9. O-O Nd7 10. b4 a6 11. Nbd2 Nc3 12. Qc2 Rc8 13. Qxc3 Bxf3 14. Qb2 Bd5 15.
Ne4 dxe5 16. dxe5 Be7 17. Rd1 O-O 18. Bf4 b5 19. Nc3 Nb6 20. Be3 Qc7 21. Nxd5
Nxd5 22. Rac1 Qb8 23. Bd4 g6 24. g3 Nb6 25. Qe2 Rfd8 26. Bxb6 Qxb6 27. Be4 Rxd1+
28. Rxd1 Qc7 29. Bg2 Bf8 30. h4 Bg7 31. f4 Bf8 32. Kh2 Qa7 33. Qd3 h5 34. Kh3
Bh6 35. Be4 Kg7 36. Kg2 Rc4 37. Bf3 Qc7 38. Qe3 Kg8 39. Kh3 Bf8 40. Rd3 Bh6 41.
Qd2 Kg7 42. Rd7 Rc2 43. Rxc7 Rxd2 44. Ra7 Rd3 45. Kg2 Rxa3 1/2-1/2

[Event "Czech Open A 2013"]
[Site "Pardubice CZE"]
[Date "2013.07.19"]
[Round "1.20"]
[White "Rozum,I"]
[Black "Meissner,F"]
[Result "1-0"]
[WhiteElo "2527"]
[BlackElo "2285"]
[EventDate "2013.07.19"]

1. d4 Nf6 2. c4 g6 3. Nc3 Bg7 4. e4 d6 5. f3 O-O 6. Be3 c6 7. Qd2 a6 8. a4 a5 9.
Bd3 Na6 10. Rd1 Nd7 11. Nge2 e5 12. O-O exd4 13. Nxd4 Nac5 14. Bc2 Ne5 15. b3
Qe7 16. Nde2 Ne6 17. h3 f5 18. f4 Nf7 19. exf5 gxf5 20. Bxf5 Nc5 21. Bc2 Re8 22.
Rf3 Bf6 23. Bd4 Nh6 24. Rg3+ Kh8 25. Re3 1-0

[Event "Czech Open A 2013"]
[Site "Pardubice CZE"]
[Date "2013.07.19"]
[Round "1.21"]
[White "Cherepanov,V"]
[Black "Petr,Ma"]
[Result "1/2-1/2"]
[WhiteElo "2284"]
[BlackElo "2523"]
[EventDate "2013.07.19"]

1. d4 Nf6 2. c4 g6 3. Nc3 d5 4. cxd5 Nxd5 5. Bd2 Bg7 6. e4 Nxc3 7. Bxc3 O-O 8.
Rc1 c5 9. d5 e6 10. Bc4 exd5 11. Bxd5 Nd7 12. Bxg7 Kxg7 13. Ne2 Qe7 14. Qb3 Nf6
15. Qc3 Be6 16. Bxe6 Qxe6 17. f3 Kg8 18. O-O b6 19. Nf4 Qc6 20. b4 Nd7 21. Nd5
Qd6 22. Qb2 Rac8 23. Qa3 Nf6 24. bxc5 bxc5 25. Ne3 Rc7 26. Rfd1 Qe7 27. Qc3 Qe6
28. Rd2 Rd7 29. Rxd7 Nxd7 30. Rd1 Rc8 31. Nc4 Nb6 32. Nd6 Rd8 33. Qxc5 Nc4 34.
e5 Nxe5 35. Qc7 Rd7 36. Qc8+ Kg7 37. Ne8+ Kh6 38. Qc1+ g5 39. Rxd7 Qxd7 40. Nf6
Qd4+ 41. Kh1 Nd3 42. Ng8+ Kg6 43. Ne7+ Kf6 44. Ng8+ Kg6 45. Ne7+ Kf6 1/2-1/2

[Event "Czech Open A 2013"]
[Site "Pardubice CZE"]
[Date "2013.07.19"]
[Round "1.22"]
[White "Haba,P"]
[Black "Heimrath,R"]
[Result "1-0"]
[WhiteElo "2522"]
[BlackElo "2280"]
[EventDate "2013.07.19"]

1. d4 g6 2. e4 Bg7 3. Nc3 d6 4. Be3 a6 5. h4 h5 6. Qd2 Nd7 7. O-O-O c6 8. Nh3 b5
9. Ng5 Bb7 10. e5 dxe5 11. dxe5 Bxe5 12. f4 Bg7 13. Nxf7 Kxf7 14. Qxd7 Qxd7 15.
Rxd7 Bc8 16. Rc7 Nf6 17. Rxc6 b4 18. Bc4+ Ke8 19. Nd5 Bb7 20. Nc7+ Kd7 21. Rc5
Ne4 22. Be6+ 1-0

[Event "Czech Open A 2013"]
[Site "Pardubice CZE"]
[Date "2013.07.19"]
[Round "1.24"]
[White "Stefansson,H"]
[Black "Varitski,I"]
[Result "1-0"]
[WhiteElo "2522"]
[BlackElo "2278"]
[EventDate "2013.07.19"]

1. d4 f5 2. Nf3 Nf6 3. g3 e6 4. Bg2 d5 5. c4 c6 6. O-O Bd6 7. b3 Qe7 8. Bb2 O-O
9. Ne5 b6 10. cxd5 cxd5 11. Nc4 Nc6 12. Nxd6 Qxd6 13. Qd2 a5 14. Nc3 Ba6 15.
Rfe1 Rfd8 16. Rad1 b5 17. f3 Rac8 18. e3 b4 19. Na4 Nd7 20. Rc1 Na7 21. e4 Rxc1
22. Qxc1 Bb5 23. Nc5 Rc8 24. Qe3 Nc6 25. exf5 exf5 26. Nb7 Qg6 27. f4 Kh8 28.
Bxd5 Nf6 29. Qf3 Nd8 30. Nxd8 Rxd8 31. Be6 Bd7 32. Bxd7 Nxd7 33. Qd5 Re8 34.
Rxe8+ Qxe8 35. Kf2 Nf6 36. Qxf5 h5 37. h3 Ne4+ 38. Kg2 Nc3 39. Qe5 Qg6 40. f5
Qg5 41. Qf4 Qe7 42. f6 gxf6 43. Qf3 Kg7 44. Bxc3 bxc3 45. Qxc3 Qe4+ 46. Kf2 Qh1
47. h4 Qh2+ 48. Kf3 Qxa2 49. Qc7+ Kg6 50. Qb8 Qc2 51. Qg8+ Kh6 52. Qf8+ Kg6 53.
Qe8+ Kh6 54. Qe3+ Kg7 55. Kf4 Qc7+ 56. Kf5 Qd7+ 57. Qe6 Qxd4 58. Qe7+ Kg8 59.
Qe8+ 1-0

[Event "Czech Open A 2013"]
[Site "Pardubice CZE"]
[Date "2013.07.19"]
[Round "1.25"]
[White "Tate,A"]
[Black "Krejci,Jan2"]
[Result "1/2-1/2"]
[WhiteElo "2277"]
[BlackElo "2521"]
[EventDate "2013.07.19"]

1. e4 c5 2. Nf3 e6 3. d4 cxd4 4. Nxd4 Nc6 5. Nc3 Qc7 6. f4 a6 7. Nxc6 Qxc6 8.
Bd3 Bc5 9. Bd2 d6 10. Qg4 g6 11. O-O-O Bd7 12. Qh4 Bd4 13. Rhf1 Bf6 14. Qf2 Bg7
15. g4 O-O-O 16. Qa7 Qc5 17. Qxc5+ dxc5 18. e5 Bc6 19. Be3 f6 20. Bxc5 fxe5 21.
f5 exf5 22. gxf5 Nf6 23. Bb6 Rde8 24. Bc4 Bh6+ 25. Kb1 Nd7 26. Bg1 gxf5 27. Rxf5
e4 28. Rh5 Bg7 29. Be3 Bxc3 30. bxc3 Re7 31. Rf1 Ne5 32. Be2 Nf3 33. Kb2 Rg8 34.
Rf2 Rg6 35. c4 Reg7 36. Bf1 Rg1 37. Kc3 Rh1 38. Bh3+ Kb8 39. Bg2 Ra1 40. Kb2 Re1
41. Bb6 Re7 42. Bxf3 exf3 43. Rd2 Re8 44. Rxh7 R1e2 45. Kc3 Rg2 46. Rf7 Rh8 47.
h4 Rgg8 48. Rd4 Kc8 49. Rdf4 Rg2 50. h5 Rh2 51. Rc7+ Kb8 52. Rh7 Rc8 53. h6 Be8
54. Rf6 Rh4 55. c5 Bc6 56. Re7 f2 57. Rxf2 1/2-1/2

[Event "Czech Open A 2013"]
[Site "Pardubice CZE"]
[Date "2013.07.19"]
[Round "1.26"]
[White "Teske,H"]
[Black "Dauletova,G"]
[Result "1-0"]
[WhiteElo "2517"]
[BlackElo "2276"]
[EventDate "2013.07.19"]

1. Nf3 Nf6 2. c4 e6 3. Nc3 b6 4. g3 Bb7 5. Bg2 c5 6. O-O Be7 7. Re1 O-O 8. e4 d6
9. d4 cxd4 10. Nxd4 Qc8 11. b3 Rd8 12. Bb2 Nc6 13. Nc2 a6 14. Rc1 Rb8 15. Ne3
Qd7 16. Bh3 Qe8 17. Bg2 Ba8 18. a4 Na7 19. Qd4 Nc6 20. Qd1 Na7 21. Rc2 b5 22.
axb5 axb5 23. Qa1 Qd7 24. e5 Ne8 25. exd6 Bxd6 26. Ne4 Bb4 27. Rd1 Qe7 28. Rxd8
Rxd8 29. Bd4 Nc6 30. Bb6 Rb8 31. cxb5 Nd8 32. Qa7 Qxa7 33. Bxa7 Bxe4 34. Bxb8
Bxc2 35. Nxc2 Bc5 36. b4 Bb6 37. Na3 Bc7 38. Ba7 Be5 39. Nc4 Bc3 40. Bc5 Nc7 41.
b6 Nd5 42. Bxd5 exd5 43. Na5 Be5 44. Be7 1-0

[Event "Czech Open A 2013"]
[Site "Pardubice CZE"]
[Date "2013.07.19"]
[Round "1.27"]
[White "Braeuer,F"]
[Black "Stukopin,A"]
[Result "0-1"]
[WhiteElo "2275"]
[BlackElo "2517"]
[EventDate "2013.07.19"]

1. e4 c5 2. Nf3 e6 3. d4 cxd4 4. Nxd4 Nc6 5. Nb5 d6 6. c4 Nf6 7. N1c3 a6 8. Na3
Be7 9. Be2 O-O 10. O-O Ne5 11. Be3 b6 12. Qb3 Ned7 13. Rfd1 Qc7 14. Rac1 Bb7 15.
f3 Rac8 16. Qc2 Qb8 17. Qd2 Bd8 18. Qe1 Bc7 19. Qh4 Ne5 20. Qh3 Ng6 21. g4 d5
22. g5 Bf4 23. Bxf4 Nxf4 24. Qf1 N6h5 25. cxd5 exd5 26. Bxa6 Bxa6 27. Qxa6 Nh3+
28. Kg2 N5f4+ 29. Kf1 Qe5 30. Qxb6 Qxg5 31. Rc2 Rc6 32. Qd4 Rg6 33. Ke1 dxe4 34.
fxe4 Ng2+ 35. Ke2 Nhf4+ 36. Kf1 Ne6 37. Qa7 Ne3+ 38. Ke2 Nxc2 39. Nxc2 Nf4+ 40.
Ke1 Qg2 0-1

[Event "Czech Open A 2013"]
[Site "Pardubice CZE"]
[Date "2013.07.19"]
[Round "1.28"]
[White "Chernyshov,K"]
[Black "Abhishek,K"]
[Result "1-0"]
[WhiteElo "2514"]
[BlackElo "2274"]
[EventDate "2013.07.19"]

1. e4 e5 2. Nc3 Nf6 3. f4 d5 4. fxe5 Nxe4 5. Nf3 Be7 6. d3 Nxc3 7. bxc3 Nc6 8.
d4 Bf5 9. Bd3 Bxd3 10. cxd3 Qd7 11. O-O O-O 12. Rb1 b6 13. Rb2 Nd8 14. Bg5 Ne6
15. Bxe7 Qxe7 16. Qe1 c5 17. dxc5 Nxc5 18. Qe3 Rac8 19. Nd4 Ne6 20. Ne2 Qa3 21.
Qd2 Qc5+ 22. d4 Qa5 23. Rfb1 Rfd8 24. Rb5 Qa3 25. R5b3 Qe7 26. a4 Rc4 27. Ra1
Qd7 28. a5 b5 29. a6 Rb8 30. Nc1 h6 31. Nd3 Ng5 32. Nc5 Qg4 33. Qe3 Ne6 34. h3
Qg6 35. Nd3 Rbc8 36. Nb4 Rd8 37. Rf1 Nc7 38. Qf3 Rd7 39. Kh2 Qe6 40. Ra3 Qb6 41.
Rb3 Qa5 42. Qf5 Ne6 43. Nxd5 Qxa6 44. Ne3 Rc8 45. d5 Nf8 46. d6 Qc6 47. Rb4 Re8
48. Ng4 Ng6 49. h4 a5 50. Rd4 h5 51. Qxh5 Qxc3 52. Rxf7 Rxf7 53. Qxg6 Kf8 54.
Qh7 Rf1 55. d7 1-0

[Event "Czech Open A 2013"]
[Site "Pardubice CZE"]
[Date "2013.07.19"]
[Round "1.30"]
[White "Stupak,K"]
[Black "Bystrov,SM"]
[Result "1-0"]
[WhiteElo "2510"]
[BlackElo "2273"]
[EventDate "2013.07.19"]

1. d4 d5 2. Nf3 c6 3. g3 Nf6 4. Bg2 Bf5 5. O-O e6 6. c4 Nbd7 7. Nc3 Be7 8. Nh4
Bg4 9. h3 Bh5 10. Qb3 Qb6 11. c5 Qa6 12. g4 Bg6 13. g5 Ne4 14. Nxg6 hxg6 15.
Nxe4 dxe4 16. Bf4 Rh5 17. Bxe4 e5 18. Bd3 Qa5 19. Bg3 Rxg5 20. Qxb7 Rb8 21. Qxc6
exd4 22. Rac1 Kd8 23. h4 Rg4 24. Qf3 Ne5 25. Qd5+ Nd7 26. Qxf7 Bxc5 27. Bxg6 1-0

[Event "Czech Open A 2013"]
[Site "Pardubice CZE"]
[Date "2013.07.19"]
[Round "1.31"]
[White "Lorscheid,G"]
[Black "Shyam,SM"]
[Result "0-1"]
[WhiteElo "2273"]
[BlackElo "2505"]
[EventDate "2013.07.19"]

1. d4 Nf6 2. c4 e6 3. Nc3 Bb4 4. e3 O-O 5. Ne2 d5 6. a3 Be7 7. Nf4 c6 8. Bd3
Nbd7 9. cxd5 exd5 10. O-O Bd6 11. e4 dxe4 12. Nxe4 Nxe4 13. Bxe4 Nf6 14. Bf3 Bf5
15. Nd3 Re8 16. Bg5 h6 17. Bh4 g5 0-1